<?xml version="1.0" encoding="UTF-8"?>
<record
    xmlns:xsi="http://www.w3.org/2001/XMLSchema-instance"
    xsi:schemaLocation="http://www.loc.gov/MARC21/slim http://www.loc.gov/standards/marcxml/schema/MARC21slim.xsd"
    xmlns="http://www.loc.gov/MARC21/slim">

  <leader>03104nam a2200433 a 4500</leader>
  <controlfield tag="005">2009121005105.0</controlfield>
  <controlfield tag="008">031230s2005    nyuab  c      000 1 eng  </controlfield>
  <datafield tag="010" ind1=" " ind2=" ">
    <subfield code="a">B-386342-352</subfield>
  </datafield>
  <datafield tag="020" ind1=" " ind2=" ">
    <subfield code="a">9780060577339</subfield>
    <subfield code="c">263.00</subfield>
  </datafield>
  <datafield tag="035" ind1=" " ind2=" ">
    <subfield code="a">B-386342-352</subfield>
  </datafield>
  <datafield tag="037" ind1=" " ind2=" ">
    <subfield code="b">Blueberry Books </subfield>
  </datafield>
  <datafield tag="040" ind1=" " ind2=" ">
    <subfield code="a">dpl</subfield>
    <subfield code="b">English </subfield>
  </datafield>
  <datafield tag="082" ind1=" " ind2=" ">
    <subfield code="a">S</subfield>
  </datafield>
  <datafield tag="100" ind1=" " ind2=" ">
    <subfield code="a">Sage, Angie</subfield>
  </datafield>
  <datafield tag="245" ind1=" " ind2=" ">
    <subfield code="a">Magyk /</subfield>
    <subfield code="c">by Angie Sage ; illustrated by Mark Zug</subfield>
  </datafield>
  <datafield tag="260" ind1=" " ind2=" ">
    <subfield code="a">New York </subfield>
    <subfield code="b">Katherine Tegen Books</subfield>
    <subfield code="c">2005</subfield>
  </datafield>
  <datafield tag="270" ind1=" " ind2=" ">
    <subfield code="a">53rd Street, </subfield>
    <subfield code="b">New York</subfield>
    <subfield code="e">10022</subfield>
  </datafield>
  <datafield tag="300" ind1=" " ind2=" ">
    <subfield code="a">564 16,16p. :</subfield>
    <subfield code="b">ill.</subfield>
    <subfield code="c">19cm(pbk) </subfield>
  </datafield>
  <datafield tag="490" ind1=" " ind2=" ">
    <subfield code="a">Septimus Heap ;</subfield>
    <subfield code="v">book. 1</subfield>
  </datafield>
  <datafield tag="520" ind1=" " ind2=" ">
    <subfield code="a">After learning that she is the Princess, Jenna is whisked from her home and carried toward safety by the Extraordinary Wizard, those she always believed were her father and brother, and a young guard known only as Boy 412--pursued by agents of those who killed her mother ten years earlier.</subfield>
  </datafield>
  <datafield tag="650" ind1=" " ind2=" ">
    <subfield code="a">Princesses</subfield>
    <subfield code="v">Fiction.</subfield>
  </datafield>
  <datafield tag="650" ind1=" " ind2=" ">
    <subfield code="a">Wizards</subfield>
    <subfield code="v">Fiction.</subfield>
  </datafield>
  <datafield tag="650" ind1=" " ind2=" ">
    <subfield code="a">Magic</subfield>
    <subfield code="v">Fiction.</subfield>
  </datafield>
  <datafield tag="650" ind1=" " ind2=" ">
    <subfield code="a">Fantasy.</subfield>
  </datafield>
  <datafield tag="700" ind1=" " ind2=" ">
    <subfield code="a">Zug, Mark,</subfield>
  </datafield>
  <datafield tag="942" ind1=" " ind2=" ">
    <subfield code="2">ddc</subfield>
    <subfield code="c">CH</subfield>
    <subfield code="h">S</subfield>
    <subfield code="m">SAG</subfield>
  </datafield>
  <datafield tag="999" ind1=" " ind2=" ">
    <subfield code="c">32445</subfield>
    <subfield code="d">32445</subfield>
  </datafield>
  <datafield tag="952" ind1=" " ind2=" ">
    <subfield code="0">0</subfield>
    <subfield code="1">0</subfield>
    <subfield code="2">ddc</subfield>
    <subfield code="4">0</subfield>
    <subfield code="7">0</subfield>
    <subfield code="8">FIC</subfield>
    <subfield code="a">L</subfield>
    <subfield code="b">L</subfield>
    <subfield code="d">2010-06-10</subfield>
    <subfield code="e">Blueberry Books/5571/27.3.10/157/27.1.10/27.3.10</subfield>
    <subfield code="g">263.00</subfield>
    <subfield code="l">10</subfield>
    <subfield code="m">2</subfield>
    <subfield code="o">S SAG</subfield>
    <subfield code="p">B-386342</subfield>
    <subfield code="r">2026-06-17 10:09:19</subfield>
    <subfield code="s">2026-06-05</subfield>
    <subfield code="t">1</subfield>
    <subfield code="v">263.00</subfield>
    <subfield code="w">2010-06-10</subfield>
    <subfield code="y">CH</subfield>
  </datafield>
  <datafield tag="952" ind1=" " ind2=" ">
    <subfield code="0">0</subfield>
    <subfield code="1">0</subfield>
    <subfield code="2">ddc</subfield>
    <subfield code="4">0</subfield>
    <subfield code="7">0</subfield>
    <subfield code="8">FIC</subfield>
    <subfield code="a">BL1</subfield>
    <subfield code="b">BL1</subfield>
    <subfield code="d">2010-06-10</subfield>
    <subfield code="e">Blueberry Books/5571/27.3.10/157/27.1.10/27.3.10</subfield>
    <subfield code="g">263.00</subfield>
    <subfield code="l">0</subfield>
    <subfield code="o">S SAG</subfield>
    <subfield code="p">B-386343</subfield>
    <subfield code="r">2010-06-10 00:00:00</subfield>
    <subfield code="t">1</subfield>
    <subfield code="v">263.00</subfield>
    <subfield code="w">2010-06-10</subfield>
    <subfield code="y">CH</subfield>
  </datafield>
  <datafield tag="952" ind1=" " ind2=" ">
    <subfield code="0">1</subfield>
    <subfield code="1">0</subfield>
    <subfield code="2">ddc</subfield>
    <subfield code="4">0</subfield>
    <subfield code="7">0</subfield>
    <subfield code="8">FIC</subfield>
    <subfield code="a">JP</subfield>
    <subfield code="b">JP</subfield>
    <subfield code="d">2010-06-10</subfield>
    <subfield code="e">Blueberry Books/5571/27.3.10/157/27.1.10/27.3.10</subfield>
    <subfield code="g">263.00</subfield>
    <subfield code="l">28</subfield>
    <subfield code="m">4</subfield>
    <subfield code="o">S SAG</subfield>
    <subfield code="p">B-386344</subfield>
    <subfield code="r">2015-06-18 00:00:00</subfield>
    <subfield code="s">2015-06-03</subfield>
    <subfield code="t">1</subfield>
    <subfield code="v">263.00</subfield>
    <subfield code="w">2010-06-10</subfield>
    <subfield code="y">CH</subfield>
  </datafield>
  <datafield tag="952" ind1=" " ind2=" ">
    <subfield code="0">0</subfield>
    <subfield code="1">0</subfield>
    <subfield code="2">ddc</subfield>
    <subfield code="4">0</subfield>
    <subfield code="7">0</subfield>
    <subfield code="8">FIC</subfield>
    <subfield code="a">ZLS</subfield>
    <subfield code="b">ZLS</subfield>
    <subfield code="d">2010-06-10</subfield>
    <subfield code="e">Blueberry Books/5571/27.3.10/157/27.1.10/27.3.10</subfield>
    <subfield code="g">263.00</subfield>
    <subfield code="l">0</subfield>
    <subfield code="o">S SAG</subfield>
    <subfield code="p">B-386345</subfield>
    <subfield code="r">2010-06-10 00:00:00</subfield>
    <subfield code="t">1</subfield>
    <subfield code="v">263.00</subfield>
    <subfield code="w">2010-06-10</subfield>
    <subfield code="y">CH</subfield>
  </datafield>
  <datafield tag="952" ind1=" " ind2=" ">
    <subfield code="0">0</subfield>
    <subfield code="1">0</subfield>
    <subfield code="2">ddc</subfield>
    <subfield code="4">0</subfield>
    <subfield code="7">0</subfield>
    <subfield code="8">FIC</subfield>
    <subfield code="a">RKP</subfield>
    <subfield code="b">RKP</subfield>
    <subfield code="d">2010-06-10</subfield>
    <subfield code="e">Blueberry Books/5571/27.3.10/157/27.1.10/27.3.10</subfield>
    <subfield code="g">263.00</subfield>
    <subfield code="l">0</subfield>
    <subfield code="o">S SAG</subfield>
    <subfield code="p">B-386346</subfield>
    <subfield code="r">2010-06-10 00:00:00</subfield>
    <subfield code="t">1</subfield>
    <subfield code="v">263.00</subfield>
    <subfield code="w">2010-06-10</subfield>
    <subfield code="y">CH</subfield>
  </datafield>
  <datafield tag="952" ind1=" " ind2=" ">
    <subfield code="0">0</subfield>
    <subfield code="1">0</subfield>
    <subfield code="2">ddc</subfield>
    <subfield code="4">0</subfield>
    <subfield code="7">0</subfield>
    <subfield code="8">FIC</subfield>
    <subfield code="a">VP</subfield>
    <subfield code="b">VP</subfield>
    <subfield code="d">2010-06-10</subfield>
    <subfield code="e">Blueberry Books/5571/27.3.10/157/27.1.10/27.3.10</subfield>
    <subfield code="g">263.00</subfield>
    <subfield code="l">22</subfield>
    <subfield code="m">6</subfield>
    <subfield code="o">S SAG</subfield>
    <subfield code="p">B-386347</subfield>
    <subfield code="r">2024-04-06 00:00:00</subfield>
    <subfield code="s">2024-03-11</subfield>
    <subfield code="t">1</subfield>
    <subfield code="v">263.00</subfield>
    <subfield code="w">2010-06-10</subfield>
    <subfield code="y">CH</subfield>
  </datafield>
  <datafield tag="952" ind1=" " ind2=" ">
    <subfield code="0">0</subfield>
    <subfield code="1">0</subfield>
    <subfield code="2">ddc</subfield>
    <subfield code="4">0</subfield>
    <subfield code="7">0</subfield>
    <subfield code="8">FIC</subfield>
    <subfield code="a">BL3</subfield>
    <subfield code="b">BL3</subfield>
    <subfield code="d">2010-06-10</subfield>
    <subfield code="e">Blueberry Books/5571/27.3.10/157/27.1.10/27.3.10</subfield>
    <subfield code="g">263.00</subfield>
    <subfield code="l">0</subfield>
    <subfield code="o">S SAG</subfield>
    <subfield code="p">B-386348</subfield>
    <subfield code="r">2010-06-10 00:00:00</subfield>
    <subfield code="t">1</subfield>
    <subfield code="v">263.00</subfield>
    <subfield code="w">2010-06-10</subfield>
    <subfield code="y">CH</subfield>
  </datafield>
  <datafield tag="952" ind1=" " ind2=" ">
    <subfield code="0">0</subfield>
    <subfield code="1">0</subfield>
    <subfield code="2">ddc</subfield>
    <subfield code="4">0</subfield>
    <subfield code="7">0</subfield>
    <subfield code="8">FIC</subfield>
    <subfield code="a">BKK</subfield>
    <subfield code="b">BKK</subfield>
    <subfield code="d">2010-06-10</subfield>
    <subfield code="e">Blueberry Books/5571/27.3.10/157/27.1.10/27.3.10</subfield>
    <subfield code="g">263.00</subfield>
    <subfield code="l">0</subfield>
    <subfield code="o">S SAG</subfield>
    <subfield code="p">B-386349</subfield>
    <subfield code="r">2010-06-10 00:00:00</subfield>
    <subfield code="t">1</subfield>
    <subfield code="v">263.00</subfield>
    <subfield code="w">2010-06-10</subfield>
    <subfield code="y">CH</subfield>
  </datafield>
  <datafield tag="952" ind1=" " ind2=" ">
    <subfield code="0">0</subfield>
    <subfield code="1">0</subfield>
    <subfield code="2">ddc</subfield>
    <subfield code="4">0</subfield>
    <subfield code="7">0</subfield>
    <subfield code="8">FIC</subfield>
    <subfield code="a">NR</subfield>
    <subfield code="b">NR</subfield>
    <subfield code="d">2010-06-10</subfield>
    <subfield code="e">Blueberry Books/5571/27.3.10/157/27.1.10/27.3.10</subfield>
    <subfield code="g">263.00</subfield>
    <subfield code="l">0</subfield>
    <subfield code="o">S SAG</subfield>
    <subfield code="p">B-386350</subfield>
    <subfield code="r">2010-06-10 00:00:00</subfield>
    <subfield code="t">1</subfield>
    <subfield code="v">263.00</subfield>
    <subfield code="w">2010-06-10</subfield>
    <subfield code="y">CH</subfield>
  </datafield>
  <datafield tag="952" ind1=" " ind2=" ">
    <subfield code="0">0</subfield>
    <subfield code="1">0</subfield>
    <subfield code="2">ddc</subfield>
    <subfield code="4">0</subfield>
    <subfield code="7">0</subfield>
    <subfield code="8">FIC</subfield>
    <subfield code="a">BN</subfield>
    <subfield code="b">BN</subfield>
    <subfield code="d">2010-06-10</subfield>
    <subfield code="e">Blueberry Books/5571/27.3.10/157/27.1.10/27.3.10</subfield>
    <subfield code="g">263.00</subfield>
    <subfield code="l">0</subfield>
    <subfield code="o">S SAG</subfield>
    <subfield code="p">B-386351</subfield>
    <subfield code="r">2010-06-10 00:00:00</subfield>
    <subfield code="t">1</subfield>
    <subfield code="v">263.00</subfield>
    <subfield code="w">2010-06-10</subfield>
    <subfield code="y">CH</subfield>
  </datafield>
  <datafield tag="952" ind1=" " ind2=" ">
    <subfield code="0">0</subfield>
    <subfield code="1">0</subfield>
    <subfield code="2">ddc</subfield>
    <subfield code="4">0</subfield>
    <subfield code="7">0</subfield>
    <subfield code="8">FIC</subfield>
    <subfield code="a">BL4</subfield>
    <subfield code="b">BL4</subfield>
    <subfield code="d">2010-06-10</subfield>
    <subfield code="e">BPPD/PUB</subfield>
    <subfield code="g">263.00</subfield>
    <subfield code="l">1</subfield>
    <subfield code="o">S SAG</subfield>
    <subfield code="p">B-386352</subfield>
    <subfield code="r">2022-09-17 00:00:00</subfield>
    <subfield code="s">2022-09-05</subfield>
    <subfield code="t">1</subfield>
    <subfield code="v">263.00</subfield>
    <subfield code="y">CH</subfield>
  </datafield>
</record>
